Pozitivně řídit : Účinně aktivizovat kvality spolupracovníků /

Uložené v:
Podrobná bibliografia
Hlavný autor: Herbst, Hartwig Martin (Autor)
Ďalší autori: Vávrová, Věra (Prekladateľ)
Médium: Kniha
Jazyk:Czech
Vydavateľské údaje: Praha : Victoria Publishing, a.s, 1995
Vydanie:1.vyd.
Predmet:
Tagy: Pridať tag
Žiadne tagy, Buďte prvý, kto otaguje tento záznam!

MARC

LEADER 00000nam a22000003a 4500
001 stu45461
005 20150617225715.5
008 960814s1995----cs------------------cze-d
020 |a 80-85865-87-4 
040 |a STU  |b slo 
041 0 |a cze 
044 |a cs 
080 |a 159.955 
080 |a 658.31 
100 1 |a Vávrová, Věra  |4 trl 
245 1 |a Pozitivně řídit :  |b Účinně aktivizovat kvality spolupracovníků /  |c [aut.]Hartwig Martin Herbst; Z nem. Věra Vávrová 
250 |a 1.vyd. 
260 |a Praha :  |b Victoria Publishing, a.s,  |c 1995 
300 |a 101 s 
650 7 |a Myslenie pozitívne  |2 stusub 
650 7 |a Vzťahy priemyselné  |2 stusub 
650 7 |a riadenie  |2 stusub 
700 1 |a Herbst, Hartwig Martin  |4 aut 
996 |b 284M025428  |c M*9384-3  |l MMKN  |s A  |a 24  |w stu45461_0001 
996 |b M 29410  |c M*9384-1  |l MMKN  |s A  |a 24  |w stu45461_0002 
996 |b 284M025427  |c M*9384-2  |l MMKN  |s A  |a 24  |w stu45461_0003